| 000 | 00684nam a2200205 i 4500 | ||
|---|---|---|---|
| 001 | 32885 | ||
| 003 | ES-MaACL | ||
| 005 | 20250514194702.0 | ||
| 007 | t| | ||
| 008 | 030131s1981 sp ||||1| spa d | ||
| 100 | 1 |
_aBernáldez Montalvo, José María. _9153063 |
|
| 245 | 1 | 0 |
_aZona nacional / _cJosé María Bernáldez ; prólogo de Fanny Rubio. |
| 260 |
_a[Madrid] : _bEmiliano Escolar, _c[1981] |
||
| 300 |
_a217 p. ; _c17 cm. |
||
| 490 | 1 |
_aColección Bolsillo. Aquí y ahora ; _v65 |
|
| 700 | 1 |
_aRubio, Fanny, _d1949- _9100343 |
|
| 830 | 0 |
_aColección Bolsillo. Aquí y ahora ; _v65 _9229434 |
|
| 852 |
_aES-MaACL _jL-4011 _bR.104709 |
||
| 999 |
_c32885 _d32885 |
||